فارسى براى انگليسى زبانان /Fārsī barayi ingilīsi zabānān=Persian for English-Speaking People / (Record no. 82682)
[ view plain ]
| 000 -LEADER | |
|---|---|
| fixed length control field | 01453nam a2200325 a 4500 |
| 001 - CONTROL NUMBER | |
| control field | 82682 |
| 003 - CONTROL NUMBER IDENTIFIER | |
| rucl marc code | BD-RjUL |
| 005 - DATE AND TIME OF LATEST TRANSACTION | |
| control field | 20240118145213.0 |
| 008 - FIXED-LENGTH DATA ELEMENTS--GENERAL INFORMATION | |
| fixed length control field | 240118s1965 ir 000 0 per d |
| 035 ## - SYSTEM CONTROL NUMBER | |
| System control number | (BD-RjUL)82682 |
| 040 ## - CATALOGING SOURCE | |
| Original cataloging agency | NNL |
| Language of cataloging | ara |
| Transcribing agency | BD-RjUL |
| 041 ## - LANGUAGE CODE | |
| Language code of text/sound track or separate title | per |
| 082 ## - DEWEY DECIMAL CLASSIFICATION NUMBER | |
| Edition number | 21 |
| Classification number | 491.555 |
| Author mark and year | SUF [1965 |
| 100 1# - MAIN ENTRY--PERSONAL NAME | |
| Personal name | Sotoodeh, Manoochehr = ستوده، منوچهر |
| 9 (RLIN) | 10943 |
| 245 10 - TITLE STATEMENT | |
| Title | فارسى براى انگليسى زبانان /Fārsī barayi ingilīsi zabānān=Persian for English-Speaking People / |
| Statement of responsibility, etc. | تاليف منوچهر ستوده. = .Manoochehr Sotoodeh |
| 260 ## - PUBLICATION, DISTRIBUTION, ETC. (IMPRINT) | |
| Place of publication, distribution, etc. | تهران :Tihrān : |
| Name of publisher, distributor, etc. | چاپخانه دانشگاه تهران، Dānishgāh-i Tihrān |
| Date of publication, distribution, etc. | ١٣٤٤[ش].[1965 |
| 300 ## - PHYSICAL DESCRIPTION | |
| Pagination | سه[=٣]، [٣]، ١٥١ص الجزء٢ |
| Size | 24 cm |
| 490 1# - SERIES STATEMENT | |
| Series statement | انتشارات دانشگاه تهران ؛ |
| Volume/sequential designation | ١٠٢٥ |
| Series statement | University of Tehran Publications ; |
| Volume/sequential designation | no. 1025 |
| 500 ## - GENERAL NOTE | |
| General note | غير كامل. |
| General note | للكتاب عنوان ثان باللغة الانكليزية هذه صورته: |
| General note | Persian for English-speaking people. |
| General note | توجد احالة في الفهرست الافرنجي حسب: |
| General note | Sotoodeh, Manoochehr |
| 505 ## - FORMATTED CONTENTS NOTE | |
| Formatted contents note | .-- الجزء ٢ |
| 650 ## - SUBJECT ADDED ENTRY--TOPICAL TERM | |
| Topical term or geographic name as entry element | Persian language |
| Form subdivision | Grammar |
| 9 (RLIN) | 957 |
| 830 #0 - SERIES ADDED ENTRY--UNIFORM TITLE | |
| Uniform title | انتشارات دانشگاه تهران ; |
| Volume number/sequential designation | ١٠٢٥. |
| Uniform title | University of Tehran Publications ; |
| Volume number/sequential designation | no.1025 |
| 942 ## - ADDED ENTRY ELEMENTS (KOHA) | |
| Source of classification or shelving scheme | Dewey Decimal Classification |
| Koha item type | Books |
| Lost status | Source of classification or shelving scheme | Damaged status | Not for loan | Collection code | Permanent Location | Current Location | Shelving location | Date acquired | Full call number | Date last seen | Copy number | Koha item type |
|---|---|---|---|---|---|---|---|---|---|---|---|---|
| Dewey Decimal Classification | Not For Loan | Non-fiction | Central Library, University of Rajshahi | Central Library, University of Rajshahi | Reading Room | 18/01/2024 | F 491.555 SUF V-2 1965 | 18/01/2024 | C-1 | Books |